000 00418nam a2200181Ia 4500
001 24030
005 20260414151016.0
008 260414t2002||||xx |||||||||||||| ||spa||
041 _aESP
082 _a751.422
_bR28
100 _aRaynes, John
_eAUT
245 0 _aCurso completo de acuarela
_b
260 _c2002
300 _a160 páginas :
_ccm.
650 _aABD
654 _aCAU
942 _cLIB
_dJUS
_fJUS
_2ddc
_n
999 _c24030
_d24030